Dyscypliny na Starożytnych Igrzyskach Olimpijskich - Statystyki

Ogólne statystyki
  • Ten quiz został rozwiązany 61 razy
  • Średni wynik to 5 z 10
Statystyki odpowiedzi
Hint Odpowiedź % Poprawnych
9 rzut oszczepem
96%
8 rzut dyskiem
81%
7 zapasy
69%
6 skok w dal
61%
3 biegi
52%
4 boks
46%
1 Wyścigi rydwanów
35%
5 Pankration
15%
2 Pięciobój klasyczny
2%
10 wyścigi zastępów
0%
Nie znaleziono quizów pasujących do podanych kryteriów
Rozkład punktacji
Procent ludzi z każdym wynikiem
Percentyl według liczby udzielonych odpowiedzi
Twoja historia wyników
Nie rozwiązałeś tego quizu